| 000 | 01122nas a2200373 4500 | ||
|---|---|---|---|
| 001 | BR2011002180 | ||
| 003 | BR-BrBNA | ||
| 005 | 20231205114548.0 | ||
| 007 | ta | ||
| 008 | 230509b bl.|||p| |||| 00| 00por d | ||
| 040 |
_aBR-BrBNA _bpor _cBiblioteca Nacional de Agricultura |
||
| 041 | _a(Pt) | ||
| 072 | _aL73 | ||
| 100 | 1 | _aCarvalho, A.F. | |
| 100 | 1 | _aSilva, D.M. | |
| 100 | 1 | _aAzevedo, S.S. | |
| 100 | 1 | _aPiatti, R.M. | |
| 100 | 1 | _aGenovez, M.E. | |
| 100 | 1 | _aScarcelli, E. | |
| 245 | 1 | _aDetecção dos genes da toxina citoletal distensiva em estirpes de Campylobacter jejuni isoladas de carcaças de frangos | |
| 650 | _aFRANGO DE CORTE | ||
| 650 | _aCARCAÇA | ||
| 650 | _aBACTÉRIA | ||
| 650 | _aCAMPILOBACTERIOSE | ||
| 650 | _aTOXINA | ||
| 650 | _aGENE | ||
| 650 | _aESTIRPE | ||
| 650 | _aANÁLISE DE LABORATÓRIO | ||
| 650 | _aCONTAMINAÇÃO | ||
| 650 | _aZOONOSE | ||
| 773 | 0 |
_tArquivo Brasileiro de Medicina Veterinária e Zootecnia (Brazil) _xISSN 0102-0935 _g(Oct 2010), v. 62(5) p. 1054-1061 _wBR2011002180 |
|
| 909 |
_a202311 _bLúcia _c55 _dLúcia Elande |
||
| 942 |
_2AGRIS _n0 _cANA |
||
| 999 |
_c209334 _d209334 |
||